Регионална библиотека "Любен Каравелов" - Русе

Светът на мошениците (Запис номер 171778)

MARC детайли
000 -Лидер
Контролно поле с фиксирана дължина 01389nam a2200361 c 4500
003 - Код на организацията, давaща контролен номер
Контролно поле BLK
005 - Дата и час на последна редакция
Контролно поле 20231228105751.0
008 - Елементи от данни с фиксирана дължина
fixed length control field 180411b bul|||||r ||||||| ||bul||
010 ## - Наследен системен номер
LC control number KNG00180062000
020 ## - Международен стандартен номер на книга ISBN
Международен стандартен номер на книга ISBN 978-954-655-522-9
-- издат.: Бард
040 ## - Източник на каталожния запис
Идентификатор на билиотеката - собственик на записа BLK
041 ## - Код за език
Код за езика на текст/звукозапис или на отделно заглавие Български
Код за езика КДБФ Български
072 #7 - Код за тематичната категория
Код организация bullib
Код за тематична категория Н8302
Текст Фантастика Н
080 ## - УДК
Текстов определител УДК Американска литература (на САЩ)
УДК код - определител по УДК 821.111(73)
УДК определител -312.9
УДК - код + определител 821.111(73)-312.9
100 1# - Редна дума - Автор
Автор Бънч, Крис
Авторска отговорност първи автор
R(LIN) 44385
139 ## - Редно поле
Редна дума Бънч, Крис
Авторски знак Бъл - Б 92
245 10 - Сведения за заглавието
Заглавие Светът на мошениците
Редно поле (дума) Крис Бънч; прев. Юлиян Иванов Стойнов.
257 ## - Страна на издаване
Страна на създаване/издаване Съединени американски щати
260 ## - Област на издателските данни
-- София
Име на издателя, разпространителя и проч. Бард
Година на издаване 2014
Печатница Хасково : Полиграфюг
300 ## - Физическа характеристика
Страници 304 с.
Размери/Мащаб 20 см
380 ## - Жанр
Жанр Худож. лит.
490 1# - СЕРИИ (Колекции)
Име на серия Избрана световна фантастика
№: серия 183
500 ## - Общи забележки
Забележка Ориг. загл.: The scoundrel worlds / Chris Bunch. - Ч. 2 на "Звезден риск" ООД.
653 ## - Ключова дума – ненормативна
Ключова дума фантастика
659 ## - Тематичен бюлетин
Тематичен бюлетин Н
700 ## - Други автори (авторска отговорност)
Лично име Стойнов, Юлиян Иванов
9 (RLIN) 249851
852 ## - Местоположение
Форматна сигнатура Цб 255245
856 4# - Електронен адрес и достъп
Електронен формат pdf - файл
Път до файла /url/
856 4# - Електронен адрес и достъп
Електронен формат pdf - файл
Път до файла /url/
942 ## - АРТИКУЛИ
Вид на библиотечния материал Книги
Скрит в OPAC Не
944 ## - СЪЗДАВАНЕ И РЕДАКЦИЯ на ЗАПИСА
Създаване/Редакция Създаване
Дата на регистрацията/редакция 20.08.2015
Служител, извършил регистрацията/редакцията 30560
Статус, дата на статуса Геновева Генчева
944 ## - СЪЗДАВАНЕ И РЕДАКЦИЯ на ЗАПИСА
Създаване/Редакция Редакция
Дата на регистрацията/редакция 04.12.2015
Служител, извършил регистрацията/редакцията Грета_Цуфелде
999 ## - СИСТЕМНИ КОНТРОЛНИ НОМЕРА
Koha biblionumber 171778
Koha biblioitemnumber 171778
Наличности
Код за отписване Код за изгубен артикул Код за повреда Коз за рестрикции Код за отдаване Артикулен № Име на библиотеката - собственик Име на библиотеката, в която се намира в момента Статус (Текущо местоположение) Дата на вписване в системата Местоположение - отдел Цена в лева Инвентарен номер Систематично азбучна сигнатура Баркод Номер на екземпляра Цена в евро Служебна бележка Служебен тип на артикула
  Не е изгубен Не е повреден без рестрикции ползва се в читалня 292312 Регионална библиотека "Любен Каравелов" Русе Регионална библиотека "Любен Каравелов" Русе Хранилище 2015-08-22 Хранилище 14.99 120000791207 Цб 255245 120000791207 1 7.66 Дост: Dp Вид: Д N: 18 Дата: 16.04.2015 Книги
Vip Innovations Ltd, Rousse, Bulgaria 2025